000 00635nam a2200217Ia 4500
008 160319s9999 xx 000 0 und d
020 _a971-08-6190-5
050 _aFIL HN 713.5
050 _b.Z85 2001 c.2
100 _aZulueta, Francisco M.
245 _aSocial problems and issues in the Philippines /
245 _cFrancisco M. Zulueta, Dolores B. Liwag.
260 _aMandaluyong:
260 _bNational Book Store,
260 _c2001
300 _a382 pages :
300 _billustrations ;
300 _c22 cm.
650 _aSocial Problems -- Philippines.
650 _xPhillippines -- Social conditions -- 1945.
999 _c291570
_d291570